000 01020nmm a2200301 a 4500
001 ocm0002348010
003 TR-IsHL
005 20201028185336.0
008 190906s2017 tu tur
007 cr cn
020 _a9786054977949
035 _a2348010
_b(N$T)
050 0 4 _aPR5818.H2
_bT820 2017
090 0 4 _aPR5818.H2
_bT820 2017
100 1 _aWilde, Oscar
245 1 0 _aMutlu prens
_h[electronic resource] /
_cOscar Wilde ; Çeviren Kahraman Türel ; editör Ece Özbaş
250 _a1. Baskı
260 _aİstanbul :
_bİlgi Kültür Sanat Yayıncılık ,
_c2017
300 _a79 p.
650 4 _aDil ve Edebiyat
650 4 _aLanguage and Literature
650 0 _aKısa hikayeler, İngiliz
650 0 _aShort stories, English
650 7 _aLITERARY COLLECTIONS / European / English, Irish, Scottish, Welsh
_2bisacsh
700 1 _aÖzbaş, Ece
700 1 _aTürel, Kahraman
856 4 0 _uhttp://search.ebscohost.com/login.aspx?direct=true&scope=site&db=e011xww&AN=2348010
999 _c21421
_d21421